000
00349nam a2200157Ia 4500
003
OSt
005
20231120052611.0
008
170524s9999 xx 000 0 und d
020
_a
81-7391-582-2
040
_c
IIMT
100
_a
Selvam-S.
245
0
_a
Religion State &Social Policy
260
_b
Kanishka Pub.
260
_c
2003
942
_2
ddc
_c
02
999
_c
6770
_d
6770